Statistics for Number of Countries By Continent

Click here to take the quiz!

General Stats

  • This quiz has been taken 645 times
  • The average score is 5 of 6

Answer Stats

ContinentNumber% Correct
Africa54
94%
South America12
91%
Australia14
89%
Europe45
89%
North America23
88%
Asia48
88%

Score Distribution

Percentile by Number Answered

Percent of People with Each Score

Your Score History

You have not taken this quiz